|
|
|
|
| LEADER |
00925nam a2200205 u 4500 |
| 001 |
10084589 |
| 003 |
GR-PaULI |
| 005 |
20241207063348.0 |
| 008 |
100427s1984 lu gre |
| 952 |
|
|
|0 0
|1 0
|2 ddc
|4 0
|6 341_242000000000000_4_ΕΥΡ
|7 0
|9 360035
|a LISP
|b LISP
|c DON
|d 2022-05-19
|e ΔΙΑ
|i 088190
|l 0
|o 341.242 4 ΕΥΡ
|p 025000292769
|r 2022-05-19 00:00:00
|t 1
|w 2022-05-19
|y BKN
|
| 999 |
|
|
|c 210444
|d 210444
|
| 040 |
|
|
|a GR-PaULI
|c GR-PaULI
|b gre
|e AACR2
|
| 082 |
0 |
4 |
|a 341.242 4
|2 23
|
| 110 |
|
0 |
|a Ευρωπαϊκό Κοινοβούλιο
|9 46160
|
| 245 |
1 |
0 |
|a Σχέδιο συνθήκης για την ίδρυση της Ευρωπαϊκής Ένωσης /
|c Ευρωπαϊκό Κοινοβούλιο.
|
| 260 |
|
|
|a [Λουξεμβούργο] :
|b Ευρωπαϊκό Κοινοβούλιο,
|c 1984.
|
| 300 |
|
|
|a 47 σ. ;
|b
|c 21 εκ.
|
| 610 |
2 |
0 |
|a Ευρωπαϊκή Ένωση
|9 1339
|
| 942 |
|
|
|2 ddc
|c BKN
|
| 998 |
|
|
|c ΜΠΟΥΡΑΣ
|d 2009-10
|